Online Catalogue and eLibrary

An activist's manual on the International covenant on economic, social and cultural rights (Record no. 2404)

MARC details
000 -LEADER
fixed length control field 00275nam a2200097Ia 4500
008 - FIXED-LENGTH DATA ELEMENTS--GENERAL INFORMATION
fixed length control field 240331s9999 xx 000 0 und d
082 ## - DDC Classification
Item Number - Author Mark KIN
100 ## - MAIN ENTRY--PERSONAL NAME
Personal name King, J
245 #3 - TITLE STATEMENT
Title An activist's manual on the International covenant on economic, social and cultural rights
942 ## - Koha item type (Biblio)
Koha item type Books in Stacks (Lending)
Holdings
Lost status Damaged status Collection code Home library Current library Shelving location Date acquired Full call number Accession Number Item type
    Lending WERC Library WERC Library Social Science Cupboard 03/31/2024 323 KIN 1909 Books in Stacks (Lending)

© WERC Library